000
002680000a22000970004500
100
1
_a
Howard, David M.
245
1
0
_a
Bendiciones de una sierva sencilla
300
_a
Vol. 78, Num 4 (Octubre-Diciembre, 1998), Página 4
773
0
_t
Latin America Evangelist
942
_c
ANA
999
_c
55146
_d
55146